Регионална библиотека "Любен Каравелов" - Русе

Пътуване до Япония (Запис номер 126402)

MARC детайли
000 -Лидер
Контролно поле с фиксирана дължина 01373nam a2200349 c 4500
003 - Код на организацията, давaща контролен номер
Контролно поле BLK
005 - Дата и час на последна редакция
Контролно поле 20180422111201.0
008 - Елементи от данни с фиксирана дължина
fixed length control field 180409b bul|||||r ||||||| ||bul||
010 ## - Наследен системен номер
LC control number KNG00132087000
040 ## - Източник на каталожния запис
Идентификатор на билиотеката - собственик на записа BLK
041 ## - Код за език
Код за езика на текст/звукозапис или на отделно заглавие Български
Код за езика КДБФ Български
080 ## - УДК
Текстов определител УДК География на Азия
УДК код - определител по УДК 913(5)
УДК определител (0:82-9)
УДК - код + определител 913(5)(0:82-9)
080 ## - УДК
Текстов определител УДК Българска литература
УДК код - определител по УДК 821.163.2
УДК определител -992
УДК - код + определител 821.163.2-992
100 1# - Редна дума - Автор
Автор Болгар, Боян
Авторска отговорност първи автор
Автор - информация (биография) Христов, Боян Димитров
R(LIN) 318803
139 ## - Редно поле
Редна дума Болгар, Боян
Авторски знак Бол - Б 61
245 10 - Сведения за заглавието
Заглавие Пътуване до Япония
Редно поле (дума) Боян Болгар; * Боян Димитров Христов.
257 ## - Страна на издаване
Страна на създаване/издаване България
260 ## - Област на издателските данни
-- Варна
Име на издателя, разпространителя и проч. Държ. изд.
Година на издаване 1960
300 ## - Физическа характеристика
Страници 148 с., 12 л.
Илюстрации и др. ил.
Размери/Мащаб 18 см
380 ## - Жанр
Жанр География
500 ## - Общи забележки
Забележка Истинското име на авт. е Боян Димитров Христов. - 3 080 тир.
650 #4 - Допълнително описание по предмет – тема
Основно описание – тема или топоним Япония - пътеписи
9 (RLIN) 254294
651 #4 - Допълнително описание по предмет - топоним
Географско понятие Япония
9 (RLIN) 179845
653 ## - Ключова дума – ненормативна
Ключова дума пътеписи
653 ## - Ключова дума – ненормативна
Ключова дума Япония
700 1# - Други автори (авторска отговорност)
Лично име Христов, Боян Димитров
Автороска отговорност (Описва отношението между автора и произведението) *
9 (RLIN) 377645
852 ## - Местоположение
Форматна сигнатура Цб І 3825
856 4# - Електронен адрес и достъп
Електронен формат pdf - файл
Път до файла /url/
856 4# - Електронен адрес и достъп
Електронен формат pdf - файл
Път до файла /url/
942 ## - АРТИКУЛИ
Вид на библиотечния материал Книги
Скрит в OPAC Не
944 ## - СЪЗДАВАНЕ И РЕДАКЦИЯ на ЗАПИСА
Създаване/Редакция Създаване
Дата на регистрацията/редакция 13.07.2012
Статус, дата на статуса 13.07.2012 - от С1,Р / 13.07.2012
Служител, извършил регистрацията/редакцията Диана_Димитрова
944 ## - СЪЗДАВАНЕ И РЕДАКЦИЯ на ЗАПИСА
Създаване/Редакция Редакция
Дата на регистрацията/редакция 13.07.2012
Статус, дата на статуса 13.07.2012 - от С1,Р / 13.07.2012
Служител, извършил регистрацията/редакцията
999 ## - СИСТЕМНИ КОНТРОЛНИ НОМЕРА
Koha biblionumber 126402
Koha biblioitemnumber 126402
Наличности
Код за отписване Код за изгубен артикул Източник на класификационната схема Код за повреда Коз за рестрикции Код за отдаване Артикулен № Име на библиотеката - собственик Име на библиотеката, в която се намира в момента Статус (Текущо местоположение) Дата на вписване в системата Местоположение - отдел Цена в лева Инвентарен номер Систематично азбучна сигнатура Баркод Номер на екземпляра Цена в евро Служебна бележка Служебен тип на артикула
  Не е изгубен Universal Decimal Classification Не е повреден без рестрикции ползва се в читалня 205644 Регионална библиотека "Любен Каравелов" Русе Регионална библиотека "Любен Каравелов" Русе Хранилище 1960-01-01 Хранилище 0.59 11743/60 Цб І 3825 900000026457 1 0.30 N: стар фонд Дата: 01.01.1960 Книги
Изтеглен Не е изгубен Universal Decimal Classification Не е повреден без рестрикции заемане за дома 205645 Регионална библиотека "Любен Каравелов" Русе Регионална библиотека "Любен Каравелов" Русе Заемна - подръчен фонд 1960-01-01 Заемна - подръчен фонд 0.00 12078/60 П 915/Б 61 12078/60 2 0.00 N: стар фонд Дата: 01.01.1960 Книги
Изтеглен Не е изгубен Universal Decimal Classification Не е повреден без рестрикции заемане за дома 205646 Регионална библиотека "Любен Каравелов" Русе Регионална библиотека "Любен Каравелов" Русе Заемна - подръчен фонд 1960-01-01 Заемна - подръчен фонд 0.00 12079/60 П 915/Б 61 12079/60 3 0.00 N: стар фонд Дата: 01.01.1960 Книги
Изтеглен Не е изгубен Universal Decimal Classification Не е повреден без рестрикции заемане за дома 205647 Регионална библиотека "Любен Каравелов" Русе Регионална библиотека "Любен Каравелов" Русе Заемна - подръчен фонд 1960-01-01 Заемна - подръчен фонд 0.00 12084/60 П 915/Б 61 12084/60 4 0.00 N: стар фонд Дата: 01.01.1960 Книги
Изтеглен Не е изгубен Universal Decimal Classification Не е повреден без рестрикции заемане за дома 205648 Регионална библиотека "Любен Каравелов" Русе Регионална библиотека "Любен Каравелов" Русе Заемна - подръчен фонд 1960-01-01 Заемна - подръчен фонд 0.00 12087/60 П 915/Б 61 12087/60 5 0.00 N: стар фонд Дата: 01.01.1960 Книги
Vip Innovations Ltd, Rousse, Bulgaria 2025